000 00506nam a2200169 i 4500
001 113845
003 ES-MaACL
005 20230906190022.0
007 t|
008 061121s1934 ve r ||||1| spa d
100 1 _aPadrón, Julián.
_988208
245 1 3 _aLa guaricha
_b: novela /
_cJulián Padrón ; [ilustraciones de Francisco Narváez].
260 _aCaracas :
_b[s.n.],
_c1934 (
_fImp. Vargas)
300 _a212 p. ;
_c21 cm.
600 1 4 _aNarváez, Francisco.
_9164390
852 _aES-MaACL
_jA-2844
999 _c113845
_d113845